000 00424nam a2200205Ia 4500
001 000600
003 YMCAF
005 20230512160027.0
008 100717s1971 ||||||||||||||||| ||und|d
024 _a600
035 _a585
040 _aYMCAF
_beng
_cIN-KoLT
041 _aeng
082 _aBRI-HOD
100 _aHODGE J.C.
245 0 _aBRICK BOOK FOR APPREATION
260 _c1971
300 _a208
942 _2ddc
_cBK
999 _c478
_d478